Tilastot visalle Varsinais-Suomi-visa

Klikkaa tästä pelataksesi tätä visaa!

Yleistilastot

  • Tätä visaa on pelattu 875 kertaa
  • Keskiarvotulos 13 / 18

Vastaustilastot

VihjeVastaus% Oikein
Maakuntakeskus ja väkirikkain kaupunkiTurku
99%
Joki, jonka varrella kyseinen kaupunki sijaitseeAurajoki
94%
Maakunnan länsipuolella sijaitseva meriSaaristomeri
87%
Lapsiperheiden suosiossa oleva matkailukohde Naantalissa{Muumi}maailma
85%
Yhdeksän olympiakultaa voittanut juoksijaPaavo Nurmi
84%
Maakunnasta peräisin oleva perinneruoka, jota syödään pääsiäisenäMämmi
82%
Varsinais-Suomella on kaikista Suomen maakunnista pisin ____viivaRanta
82%
Toiseksi väkirikkain kaupunkiSalo
81%
Varsinais-Suomessa syntyneet Suomen presidentitSauli Niinistö
81%
Varsinais-Suomessa syntyneet Suomen presidentitMauno Koivisto
71%
Wirvoitusjuomatehtaastaan tunnettu kaupunkiLaitila
69%
Varsinais-Suomessa syntyneet Suomen presidentitGustaf Mannerheim
66%
Kolmanneksi väkirikkain kaupunkiKaarina
63%
Lääni, johon Varsinais-Suomi kuului vuoteen 2009 asti{Länsi}-{Suomen} lääni
60%
Saariston pääkaupungiksi kutsuttu kaupunki, johon yllä oleva saari kuuluuParainen
51%
Osittain Satakunnassa sijaitseva maakunnan suurin järviPyhäjärvi
47%
Petonisäkäs, joka on Varsinais-Suomen nimikkoeläinKettu
44%
Saari, joka on Suomen eteläisin asutettu paikkaUtö
43%

Tulosjakauma

Persentiili vastausten määrän mukaan

Jokaisen tuloksen saaneiden osuus

Tuloshistoriasi

Et ole pelannut tätä visaa